Personal styles in early Cycladic sculpture / (Record no. 159958)

MARC details
000 -LEADER
fixed length control field 01979cam a2200505Ki 4500
001 - CONTROL NUMBER
control field vtls003260364
003 - CONTROL NUMBER IDENTIFIER
control field MY-SjTCS
005 - DATE AND TIME OF LATEST TRANSACTION
control field 20200508124958.0
006 - FIXED-LENGTH DATA ELEMENTS--ADDITIONAL MATERIAL CHARACTERISTICS
fixed length control field m o d
007 - PHYSICAL DESCRIPTION FIXED FIELD--GENERAL INFORMATION
fixed length control field cr cnu---unuuu
008 - FIXED-LENGTH DATA ELEMENTS--GENERAL INFORMATION
fixed length control field 141204s2001 wiuabf ob s001 0 eng d
020 ## - INTERNATIONAL STANDARD BOOK NUMBER
International Standard Book Number 9780299172039 (electronic bk.)
020 ## - INTERNATIONAL STANDARD BOOK NUMBER
International Standard Book Number 0299172031 (electronic bk.)
020 ## - INTERNATIONAL STANDARD BOOK NUMBER
Canceled/invalid ISBN 0299172007
020 ## - INTERNATIONAL STANDARD BOOK NUMBER
Canceled/invalid ISBN 9780299172008
020 ## - INTERNATIONAL STANDARD BOOK NUMBER
Canceled/invalid ISBN 0299170608
020 ## - INTERNATIONAL STANDARD BOOK NUMBER
Canceled/invalid ISBN 9780299170608
035 ## - SYSTEM CONTROL NUMBER
System control number (OCoLC)858861909
035 ## - SYSTEM CONTROL NUMBER
System control number ocn858861909
039 #9 - LEVEL OF BIBLIOGRAPHIC CONTROL AND CODING DETAIL [OBSOLETE]
Level of rules in bibliographic description 201809071355
Level of effort used to assign nonsubject heading access points VLOAD
-- 201412041818
-- shuhada
040 ## - CATALOGING SOURCE
Original cataloging agency N$T
Language of cataloging eng
Description conventions rda
-- pn
Transcribing agency N$T
Modifying agency OCLCA
043 ## - GEOGRAPHIC AREA CODE
Geographic area code e-gr---
082 04 - DEWEY DECIMAL CLASSIFICATION NUMBER
Classification number 733/.3/093915
Edition number 22
100 1# - MAIN ENTRY--PERSONAL NAME
Personal name Getz-Gentle, Pat.
245 10 - TITLE STATEMENT
Title Personal styles in early Cycladic sculpture /
Statement of responsibility, etc. Pat Getz-Gentle ; with a chapter by Jack de Vries.
264 #1 - PRODUCTION, PUBLICATION, DISTRIBUTION, MANUFACTURE, AND COPYRIGHT NOTICE
Place of production, publication, distribution, manufacture Madison :
Name of producer, publisher, distributor, manufacturer University of Wisconsin Press,
Date of production, publication, distribution, manufacture, or copyright notice [2001]
264 #4 - PRODUCTION, PUBLICATION, DISTRIBUTION, MANUFACTURE, AND COPYRIGHT NOTICE
Date of production, publication, distribution, manufacture, or copyright notice ©2001
300 ## - PHYSICAL DESCRIPTION
Extent 1 online resource (xxi, 190 pages, 136 unnumbered pages of plates) :
Other physical details illustrations, maps.
336 ## - CONTENT TYPE
Content type term text
Source rdacontent
337 ## - MEDIA TYPE
Media type term computer
Source rdamedia
338 ## - CARRIER TYPE
Carrier type term online resource
Source rdacarrier
490 1# - SERIES STATEMENT
Series statement Wisconsin studies in classics
504 ## - BIBLIOGRAPHY, ETC. NOTE
Bibliography, etc. note Includes bibliographical references (pages [171]-172) and index.
588 ## - SOURCE OF DESCRIPTION NOTE
Source of description note Description based on print version record.
650 #0 - SUBJECT ADDED ENTRY--TOPICAL TERM
Topical term or geographic name entry element Sculpture, Cycladic.
650 #0 - SUBJECT ADDED ENTRY--TOPICAL TERM
Topical term or geographic name entry element Figure sculpture
Geographic subdivision Greece.
650 17 - SUBJECT ADDED ENTRY--TOPICAL TERM
Topical term or geographic name entry element Statuettes.
Source of heading or term gtt
650 17 - SUBJECT ADDED ENTRY--TOPICAL TERM
Topical term or geographic name entry element Plastische kunst.
Source of heading or term gtt
650 17 - SUBJECT ADDED ENTRY--TOPICAL TERM
Topical term or geographic name entry element Stijlen.
Source of heading or term gtt
655 #4 - INDEX TERM--GENRE/FORM
Genre/form data or focus term Electronic books.
700 1# - ADDED ENTRY--PERSONAL NAME
Personal name Vries, Jack de.
776 08 - ADDITIONAL PHYSICAL FORM ENTRY
Relationship information Print version:
Main entry heading Getz-Gentle, Pat.
Title Personal styles in early Cycladic sculpture
International Standard Book Number 0299172007
Record control number (DLC) 00011013
-- (OCoLC)44860741
830 #0 - SERIES ADDED ENTRY--UNIFORM TITLE
Uniform title Wisconsin studies in classics.
9 (RLIN) 42671
856 40 - ELECTRONIC LOCATION AND ACCESS
Uniform Resource Identifier https://ezproxy.taylors.edu.my/login?url=http://search.ebscohost.com/login.aspx?direct=true&scope=site&db=nlebk&db=nlabk&AN=642388
Public note An electronic book accessible through the World Wide Web; click to view
Holdings
Withdrawn status Lost status Source of classification or shelving scheme Damaged status Not for loan Home library Current library Date acquired Cost, normal purchase price Total Checkouts Date last seen Copy number Price effective from Koha item type Public note
    Dewey Decimal Classification   e-book Taylor's Library-TU Taylor's Library - Perpetual(TU) 21/02/2020 98.84   21/02/2020 1 21/02/2020 Main Collection TDSxx,29001,03,CL,PPT | SODSx,29001,03,CL,PPT